000 00671nam a22002177a 4500
999 _c6918
_d6918
003 OSt
005 20210510125435.0
008 210510b ||||| |||| 00| 0 eng d
020 _a9781259097348,
020 _a125909734x
040 _cDDC
082 _a330.01 CHI 2005
100 _aChiang, Alpha C.; Wainwright, Kevin
_914191
245 _aFundamental methods of mathematical economics
250 _a4th ed
260 _aBoston:
_bMcGraw-Hill/Irwin,
_c©2005
300 _axix, 688 pages :
_b illustrations ;
_c 24 cm
504 _a Includes bibliographical references (pages 659-661) and index
650 _aEconomics, Mathematical
_914185
942 _2ddc
_cBOOK